Manganese deposits of Oklahoma, (Record no. 27733)

MARC details
000 -LEADER
fixed length control field 00762cam a22002411i 4500
001 - CONTROL NUMBER
control field gs 41000125
003 - CONTROL NUMBER IDENTIFIER
control field DLC
005 - DATE AND TIME OF LATEST TRANSACTION
control field 20260227111347.0
008 - FIXED-LENGTH DATA ELEMENTS--GENERAL INFORMATION
fixed length control field 801017s1941 okua s000 0 eng
010 ## - LIBRARY OF CONGRESS CONTROL NUMBER
LC control number gs 41000125
035 ## - SYSTEM CONTROL NUMBER
System control number (OCoLC)6833973
040 ## - CATALOGING SOURCE
Original cataloging agency DLC
Transcribing agency OkAdE
Modifying agency DLC
042 ## - AUTHENTICATION CODE
Authentication code premarc
050 00 - LIBRARY OF CONGRESS CALL NUMBER
Classification number TN24.O5
Item number A35 no. 10
100 1# - MAIN ENTRY--PERSONAL NAME
Personal name Merritt, Clifford A.
Fuller form of name (Clifford Addison),
Dates associated with a name 1899-1989.
245 10 - TITLE STATEMENT
Title Manganese deposits of Oklahoma,
Statement of responsibility, etc. by C. A. Merritt.
260 ## - PUBLICATION, DISTRIBUTION, ETC.
Place of publication, distribution, etc. Norman,
Date of publication, distribution, etc. 1941.
300 ## - PHYSICAL DESCRIPTION
Extent [36] p.
Other physical details incl. illus. (maps) tables.
Dimensions 23 cm.
410 20 - SERIES STATEMENT/ADDED ENTRY--CORPORATE NAME [OBSOLETE, CAN/MARC], [LOCAL, USA]
Corporate name or jurisdiction name as entry element Oklahoma Geological Survey
Title of a work Mineral report
Volume number/sequential designation no. 10
500 ## - GENERAL NOTE
General note Reproduced from type-written copy.
504 ## - BIBLIOGRAPHY, ETC. NOTE
Bibliography, etc. note Bibliography: p. [35]-[36]
650 #0 - SUBJECT ADDED ENTRY--TOPICAL TERM
Topical term or geographic name entry element Manganese ores
Geographic subdivision Oklahoma.

No items available.

Powered by Koha